000 00279nam a22001217a 4500
008 170223b xxu||||| |||| 00| 0 eng d
041 _aeng
080 _23ed
_a617
100 _a5
101 _aSHK
245 _a[LASTIC SURGERY ENT DENTISTRY WORDS
_cDIPAULA.T.A
942 _2udc
_cBK
999 _c6159
_d6159